Mensaje de S.E. el Presidente de la República don Jorge Alessandri Rodríguez al Congreso Nacional al inaugurar el período ordinario de sesiones 21 de mayo de 1961
Saved in:
| Format: | Bog |
|---|---|
| Sprog: | spansk |
| Udgivet: |
Santiago
Servicio de Prisiones
1961
|
| Fag: | |
| Tags: |
Tilføj Tag
Ingen Tags, Vær først til at tagge denne postø!
|
MARC
| LEADER | 00000nam a2200000 a 4500 | ||
|---|---|---|---|
| 001 | UCS3628 | ||
| 003 | CL-VaPUC | ||
| 008 | 970704e19610000CL |||||||||||||||||spa|d | ||
| 082 | 0 | 4 | |a 351.003 |b MEN |2 21 |
| 245 | 1 | 0 | |a Mensaje de S.E. el Presidente de la República don Jorge Alessandri Rodríguez al Congreso Nacional al inaugurar el período ordinario de sesiones 21 de mayo de 1961 |
| 300 | |a 359 p | ||
| 942 | |c BK | ||
| 945 | |d 19970704 00:00:00 |a lriquelm | ||
| 260 | |a Santiago |b Servicio de Prisiones |c 1961 | ||
| 600 | 0 | 7 | |a ALESSANDRI RODRIGUEZ, JORGE |2 CL-VaPUC |9 359956 |
| 650 | 7 | |a MENSAJES PRESIDENCIALES |2 CL-VaPUC |9 256599 | |
| 650 | 0 | |a Presidentes |9 255176 | |
| 650 | 0 | |a Política y gobierno |9 255151 | |
| 651 | 7 | |a CHILE |2 CL-VaPUC |9 389817 | |
| 583 | |a last modification |c 19970704 00:00:00 |k Rodrigo Vera | ||
| 999 | |c 261264 |d 261262 | ||
| 952 | |0 0 |1 0 |4 0 |6 351_003000000000000_MEN_1961 |7 0 |8 F |9 288551 |a BIBDER |b BIBDER |d 2019-11-19 |i 1868551 |o 351.003 MEN 1961 |p 1868551 |r 2023-01-25 |w 2019-11-19 |y BK_F |k DER | ||